| 000 | 00737cam a2200229 a 4500 | ||
|---|---|---|---|
| 999 |
_c234810 _d234810 |
||
| 001 | 970020 | ||
| 003 | Nust | ||
| 005 | 20170330192348.0 | ||
| 008 | 850717s1985 nyu 000 1 eng | ||
| 010 | _a 85014645 | ||
| 020 | _a9781857235807 | ||
| 040 |
_aDLC _cDLC _dDLC _dOCoLC _dDLC |
||
| 050 | 0 | 0 |
_aPS3569.A287 _bC6 1985 |
| 082 | 0 | 0 |
_a813.54 _bSAG |
| 100 | 1 |
_aSagan, Carl, _d1934-1996. |
|
| 245 | 1 | 0 |
_aContact : _ba novel / _cCarl Sagan. |
| 260 |
_aNew York : _bSimon and Schuster, _c1985. |
||
| 300 |
_a432 p. ; _c25 cm. |
||
| 655 | 7 |
_aScience fiction. _2gsafd |
|
| 906 |
_a7 _bcbc _corignew _d1 _eocip _f19 _gy-gencatlg |
||
| 942 |
_2ddc _cBK |
||